Azjatyckie państwa z największą liczbą chrześcijan - Statystyki

Ogólne statystyki
  • Ten quiz został rozwiązany 6 781 razy
    6 504 od ostatniego zresetowania
  • Średni wynik to 7 z 10
Statystyki odpowiedzi
# Państwo % % Poprawnych
43 mln Chiny 3
95%
33 mln Indie 2,3
92%
29 mln Indonezja 10,5
77%
101 mln Filipiny 85,3
72%
3,4 mln Kazachstan 17,2
68%
14 mln Korea Południowa 27.6
67%
7,1 mln Wietnam 7,1
57%
3,3 mln Gruzja 88,1
52%
3,9 mln Pakistan 1,6
50%
3,4 mln Mjanma 6,2
33%
Nie znaleziono quizów pasujących do podanych kryteriów
Rozkład punktacji
Procent ludzi z każdym wynikiem
Percentyl według liczby udzielonych odpowiedzi
Twoja historia wyników
Nie rozwiązałeś tego quizu od ostatniego zresetowania